| 000 | 02092 am a2200565 a 4500 | ||
|---|---|---|---|
| 005 | 20240627100432.0 | ||
| 008 | 100309s1993||||sp a f |||| 001 0 spa d | ||
| 020 | _a8420523860 | ||
| 041 | _aspa | ||
| 092 |
_c618 _l81 _sSYM |
||
| 100 | 1 |
_aSymonds, E. M. _91537 |
|
| 245 |
_aObstetricia y ginecología / _cE. M. Symonds |
||
| 250 |
_a2a ed. _bTraducción Miguel del Campo Casanelles |
||
| 260 |
_aMadrid: _bChurchill Livingstone; _c1993. |
||
| 300 | _a318 p. | ||
| 500 | _aSymonds, E. M. (1993). Obstetricia y ginecología. (2a ed.). Madrid : Churchill Livingstone. | ||
| 653 | _aHistoria y exploración en obstetricia | ||
| 653 | _aHistoria y exploración en ginecología | ||
| 653 | _aCambios fisiológicos en el embarazo | ||
| 653 | _aCuidados antenatales | ||
| 653 | _aConcepción y anidación | ||
| 653 | _aCrecimiento y desarrollo placentario fetal | ||
| 653 | _aInfertilidad | ||
| 653 | _aEmbarazo extrauterino y mola hidatidiforme | ||
| 653 | _aAnomalías congénitas e infecciones durante el embarazo | ||
| 653 | _aAlteraciones prenatales | ||
| 653 | _aHemorragia preparto | ||
| 653 | _aEmbarazo múltiple | ||
| 653 | _aParto normal | ||
| 653 | _aParto anormal | ||
| 653 | _aParto instrumental y operatorio | ||
| 653 | _aPuerperio | ||
| 653 | _aAlteraciones psiquiátricas durante el embarazo y el puerperio | ||
| 653 | _aMortalidad perinatal | ||
| 653 | _aTécnicas de imagen en obstetricia y ginecología | ||
| 653 | _aContracepción y esterilización | ||
| 653 | _aCambios en el ciclo menstrual | ||
| 653 | _aAlteraciones del ciclo menstrual | ||
| 653 | _aAlteraciones de la función sexual | ||
| 653 | _aInfecciones del tracto genital | ||
| 653 | _aEndometriosis y adenomiosis | ||
| 653 | _aLesiones de la vulva y la vagina | ||
| 653 | _aLesiones del cérvix | ||
| 653 | _aLesiones del útero y de las trompas de falopio | ||
| 653 | _aLesiones del ovario | ||
| 653 | _aAlteraciones de los mecanismos de soporte en el útero y la vagina | ||
| 653 | _aAlteraciones del tracto urinario | ||
| 930 | _a164 | ||
| 942 |
_2ddc _cBK |
||
| 999 |
_c60 _d60 |
||